Most isolated countries - Statistics

General Stats
  • This quiz has been taken 306 times
  • The average score is 4 of 10
Answer Stats
Hint Answer % Correct
1 North Korea
92%
2 Somalia
42%
6 Democratic Republic of the Congo
40%
3 Myanmar (Burma)
36%
7 Niger
33%
5 Burundi
28%
8 Timor-Leste
27%
4 Madagascar
25%
10 Papua New Guinea
24%
9 Guinea-Bissau
18%
No matching quizzes found
Score Distribution
Percent of People with Each Score
Percentile by Number Answered
Your Score History
You have not taken this quiz